000 00995nam a2200229Ia 4500
001 7465
005 20260406152210.0
008 260306t2015||||xx |||||||||||||| ||spa||
041 _aESP
082 _a339
_bD92 2014
100 _aDornbusch, Rudiger
_eAUT
245 0 _aMacroeconomía
260 _c2015
300 _axxi, 453 páginas :
_c27 cm.
650 _aGEN
654 _aCAN
856 _uhttps://itmsp.museknowledge.com/UCSP?url=https://www.ebooks7-24.com:443/?il=10325&pg=1
_zVersión digital (2020)
856 _uhttps://0u213vbm7-y-https-ebooks7--24-com.itmsp.museknowledge.com/biblioteca.aspx
_zVéase además: Base de datos Ebook7-24
856 _uhttps://0u20fvbmb-y-https-research-ebsco-com.itmsp.museknowledge.com/c/qxo6us/search
_zVéase además: Base de datos EBSCOhost
856 _uhttps://0u20vvbdj-y-https-ebookcentral-proquest-com.itmsp.museknowledge.com/lib/catolicasp/home.action
_zVéase además: Base de datos ProQuest Ebook Central
942 _cLIB
_dJUS
_fJUS
_2ddc
999 _c7465
_d7465